00745 a2200157 450000500170000002000180001708200200003511100080005524501030006326000500016630000660021685601350028294200130041799900150043095201420044520250602073938.0 a0-7517-1605-7 aLECT 657.45 AAT aAAT aTechnician unit 17: Implementing audit procedures: for assessments in December 2004 and June 2005. aLondon,bBPP Professional Education, c2004.  axviii, 396p.: ill.; figure, picture, table. bIndex, c30cm.  yAccess online bookfTechnician unit 17: Implementing audit procedures: for assessments in December 2004 and June 2005dwww.bpp.com 2ddccBKS c2951d2951 r2025-06-02 07:40:57l0oLECT 657.45 AATp00000010568v83655.00w2025-06-02yBKS102ddc407000aCBEMLbCBEMLcGENd2006-11-01g27885.00